00553nam a22001697a 450000500170000001000150001702000270003203500140005903700130007308200100008610000200009624500950011626000300021127001090024130000180035070000150036820220902104334.0 aENG-134880 a9789391211295c3295.00 aEN-118412 bDBAD/PUB a340.6 aModi, Jaising P aA Textbook of Medical Jurisprudence and Toxicology/bJaising P Modi and Edited by K Kannan aHaryanabLexisNexisc2021 bGurugaona14th Floor, Building No. 10, Tower-B, DLF Cyber City, Phase-IIe122202mhelp.in@lexisnexis.com avp.c24cm(hb) aKannan, K